ARRUPE JESUIT UNIVERSITY

CORONAVIRUS -STOP THE SPREAD - CLEAN,DISINFECT,COVER

Rendez-vous avec mon fils : (Record no. 127689)

MARC details
000 -LEADER
fixed length control field 00574cam a22001937a 4500
001 - CONTROL NUMBER
control field 449642
003 - CONTROL NUMBER IDENTIFIER
control field ARRUPE
005 - DATE AND TIME OF LATEST TRANSACTION
control field 20180320083135.0
008 - FIXED-LENGTH DATA ELEMENTS--GENERAL INFORMATION
fixed length control field 820426|1981 ||| 000 0 fre
010 ## - LIBRARY OF CONGRESS CONTROL NUMBER
LC control number 82147468
020 ## - INTERNATIONAL STANDARD BOOK NUMBER
International Standard Book Number 2213011168 :
Terms of availability 52.00F
040 ## - CATALOGING SOURCE
Original cataloging agency DLC
Transcribing agency DLC
Modifying agency DLC
050 00 - LIBRARY OF CONGRESS CALL NUMBER
Classification number PQ2662.O54 R4
300 ## - PHYSICAL DESCRIPTION
Dimensions 17 cm.
100 1# - MAIN ENTRY--PERSONAL NAME
Personal name Boissard, Janine.
9 (RLIN) 40737
245 10 - TITLE STATEMENT
Title Rendez-vous avec mon fils :
Remainder of title roman /
Statement of responsibility, etc Janine Boissard.
260 ## - PUBLICATION, DISTRIBUTION, ETC. (IMPRINT)
Place of publication, distribution, etc Paris :
Name of publisher, distributor, etc Fayard,
Date of publication, distribution, etc c1981.
300 ## - PHYSICAL DESCRIPTION
Extent 221 p. ;
906 ## - LOCAL DATA ELEMENT F, LDF (RLIN)
a 7
b cbc
c orignew
d 5
e ncip
f 19
g y-gencatlg
942 ## - ADDED ENTRY ELEMENTS (KOHA)
Source of classification or shelving scheme Library of Congress Classification
Koha item type Monograph ( Printed materials)
Holdings
Withdrawn status Lost status Source of classification or shelving scheme Damaged status Not for loan Collection code Home library Current library Shelving location Date acquired Total Checkouts Full call number Barcode Date last seen Price effective from Koha item type
    Library of Congress Classification     Main Collection ARRUPE LIBRARY ARRUPE LIBRARY Main Collection 20/03/2018   PQ2662.O54 R4 46600000200 20/03/2018 20/03/2018 Monograph ( Printed materials)

 

Arrupe Library. PO Box MP320 Mt Pleasant, Harare, Zimbabwe
263 242 745411|librarian@aju.ac.zw